000 01042nam a2200445Ia 4500
001 5890
005 20240113233853.0
007 ta
008 050623s9601 a g b000 u eng u
020 _cPB
040 _aCotton College Assam
041 _aeng
082 _a824.08
_bLo 799 Ar
082 _a824.91
_bL 812 Ar
100 _aLockitt, C.H. .
245 0 _aThe Art of the Essayist /
_cC.H. Lockitt.
_hTextual Documents
250 _a1st ed. /
260 _aEngland :
_bLongman ,
_c19601.
300 _a256p. :
_bill. ;
_c18cm .
653 _aEnglish Essays-Collections
653 _aG-English
653 _aPG-English
653 _aMS-English
653 _aT/G- English
653 _aT/MS-English
653 _aT/PG-English
942 _2ddc
_cBK
999 _c5877
_d5877